El Valor de la Constitución y el desarrollo constitucional costarricense /

Señala en primer lugar que el valor de la constitución, político o jurídico se haya en el centro de los prolegómenos de la teoría constitucional del liberalismo este valor específico determina el tipo de control ejercido sobre la producción normativa del Estado y configura las relaciones entre los...

Mô tả đầy đủ

Đã lưu trong:
Chi tiết về thư mục
Tác giả chính: Jurado Fernández, Julio
Định dạng: Texto
Những chủ đề:
Các nhãn: Thêm thẻ
Không có thẻ, Là người đầu tiên thẻ bản ghi này!

MARC

LEADER 00000 a a2200000 04500
001 15631
003
040
100 |a Jurado Fernández, Julio  
245 |a El Valor de la Constitución y el desarrollo constitucional costarricense /  |c Julio Jurado Fernández 
520 |a Señala en primer lugar que el valor de la constitución, político o jurídico se haya en el centro de los prolegómenos de la teoría constitucional del liberalismo   |a este valor específico determina el tipo de control ejercido sobre la producción normativa del Estado y configura las relaciones entre los órganos que ejercen las funciones básicas del Estado. Se comenta el modelo constitucional francés y el norteamericano y hace referencia a la constitución deCádiz y algunos aspectos de la de Bolivia. Además, presenta un breve análisis sobre formación y transformación de la constitución del Estado de Yucatán en 1841, cuya influencia no solo marcó el desarrollo constitucional mexicano sino el de Iberoamérica y puso un punto de referencia distinto al modelo francés. El documento se centra en el análisis de los contenidos históricos de la actual constitución costarricense vigente desde 1949./MSD  
650 |a CONSTITUCIONES  
650 |a LEY ORGANICA  
650 |a MARCO CONSTITUCIONAL  
773 |g número 41; páginas 51-73  
999 |c 33937  |d 33937